00604nam a2200169Ia 450000500170000000800410001702000150005808200130007310000200008624500870010626000400019330000130023350000740024694200060032095200950032699900130042120250516014537.0240331s9999 xx 000 0 und d a9559528114 a294bKAR aKarunanandha, U 0aBrahmachari Walisingha Harischandra ha Anuradhapura Bauddha prabodaya :b1899-1913 aColombobProf, Udmabanda Karunandha a112 p ., aBrahmachari Walisingha Harischandra the scared city of Anuradha Pura cL 001040708LaWERCLbWERCLcSSCd2024-03-31l0o 294 KARp3338r2024-03-31w2024-03-31yL c897d897